[Event "American Continental 3rd"]
[Site "Buenos Aires"]
[Date "2005.08.10"]
[Round "5"]
[White "Dos Santos, Ramiro"]
[Black "Vescovi, Giovanni P"]
[Result "0-1"]
[WhiteElo "2393"]
[BlackElo "2640"]
[Annotator "Gavrikov,V"]
[PlyCount "72"]
[EventDate "2005.08.06"]
[EventType "swiss"]
[EventRounds "11"]
[EventCountry "ARG"]
[SourceTitle "CBM 109"]
[Source "ChessBase"]
[SourceDate "2005.11.14"]
[SourceVersion "1"]
[SourceVersionDate "2005.11.14"]
[SourceQuality "1"]

1. d4 Nf6 2. c4 e6 3. Nc3 Bb4 4. f3 d5 5. a3 Bxc3+ 6. bxc3 c5 7. cxd5 exd5 ({
More reliable is the continuation} 7... Nxd5 8. dxc5 Qa5 9. e4 Nf6 10. Be3 O-O
11. Qb3 Nfd7 12. a4 Qc7 13. Qa3 b6 14. cxb6 axb6 {which allows Black to
equalize without any problems,e.g.} 15. Nh3 ({or} 15. Ne2 Ba6 16. Kf2 Rc8 17.
Nd4 Bxf1 18. Rhxf1 Nc5 {1-0 Moskalenko,V-Vaisser,A/Mesa 1992/TD (74)}) 15...
Ba6 16. Bxa6 Nxa6 17. O-O Nac5 18. Qb4 Ra5 19. Rfd1 Rfa8 $11 {1/2-1/2 Paramos
Dominguez,R-Campos Moreno,J/Pontevedra 1992/TD (60)}) 8. e3 O-O ({After} 8...
Bf5 9. Ne2 (9. g4 Be6 10. Bd3 Nfd7 $5 11. Ne2 h5 12. gxh5 Qh4+ 13. Kd2 Nc6 $13
{1/2-1/2 Moskalenko,V-Shneider,A/Sverdlovsk 1984/EXT 99 (36)}) 9... O-O {
White gains space on the kingside by} 10. g4 Be6 (10... Bg6 11. Nf4 Nc6 12. Bg2
Rc8 13. O-O Na5 14. Ra2 $14 {1/2-1/2 Malaniuk,V-Ivanchuk,V/Lvov 1988/CBM 007 
(35)}) 11. Ng3 Nc6 12. Bd3 Rc8 13. O-O cxd4 14. cxd4 Na5 15. Ra2 $1 Nc4 16. Rg2
Re8 17. g5 Nd7 18. f4 Nf8 19. f5 Bd7 20. Qf3 $36 {1-0 Vukcevich,M-Seirawan,Y/
USA 1979/EXT 2004 (28)}) 9. Bd3 b6 {The exchange of bishops Bc8-a6 is Black´s
usual reaction in this line.} ({An alternative is here} 9... Nc6 10. Ne2 Re8
11. O-O Bd7 12. Ng3 Rc8 {when is possible} 13. Ra2 Qa5 $5 14. Rb2 $5 (14. Bd2
Qc7) 14... Nd8 15. Bd2 Qxa3 16. Qb1 cxd4 17. cxd4 Qe7 (17... Qd6 18. Bb4 Qc7
19. e4) 18. e4 $44 {1-0 Knaak,R-Garcia Martinez,S/Leipzig 1983/EXT 2001 (30)})
10. Ne2 Ba6 11. Bxa6 {This move accelerates Black´s development.} ({Logical
looks instead} 11. O-O Re8 12. Ng3 Bxd3 13. Qxd3 Nc6 14. Bb2 $1 Rc8 15. Rad1 ({
or} 15. Rae1) 15... cxd4 16. cxd4 Na5 17. e4 {with initiative.}) 11... Nxa6 12.
O-O Nc7 (12... Re8 13. Ng3 Qd7 14. Qd3 Qb7 15. Ra2 c4 {0-1 Kluss,K-Budnikov,A/
Wuerzburg 1992/EXT 97 (46)} {is not so good in view of} 16. Qf5 $5 Re6 17. Re2
Rae8 18. Rfe1 {/\ e3-e4.}) 13. Ng3 Re8 14. e4 $6 {An unsuccessful novelty.} ({
Black has adequate counterplay in case of} 14. Ra2 Qd7 15. Re2 Rad8 16. Bb2 Nb5
17. Qb1 Qc6 $132 {/\ Nd6, 1/2-1/2 Dumitrache,D-Kishnev,S/Cappelle la Grande
1993/TD (34)}) ({therefore stronger is} 14. Qd3 Ne6 (14... Qd7 15. e4 Qb5 16.
Qe3 $5 {0-1 Pavlovic-Cappello,R/Imperia 1971/EXT 2001 (68)}) 15. Bb2 Qd7 16.
Rad1 {when in my opinion Black must continue} cxd4 $1 (16... Rad8 $143 $6 17.
e4 $1 $146 dxe4 (17... cxd4 18. e5) 18. fxe4 cxd4 19. Rxf6 $1 gxf6 20. cxd4 $44
(20. Nh5 $5)) 17. cxd4 Rad8 18. Rfe1 Qa4 {1/2-1/2 Utnasunov,A-Minasjan,S/
Krasnodar 2001/EXT 2002 (37) with unclear play.}) 14... cxd4 15. cxd4 dxe4 16.
fxe4 $2 {Too optimistic because White is unable to create any real threats on
the kingside.} ({The best chance was} 16. Bg5 e3 $5 (16... exf3 17. Nh5 Ncd5
18. Qxf3 Re6 19. Rae1) 17. Qd3 Ne6 18. Bxe3 Nd5 {accepting a worse position.})
16... Nxe4 17. Nf5 Re6 $6 {The planning manoeuvre Nc7-e8 is dubious.} ({
Much stronger was} 17... f6 $1 18. Qg4 g6 $17) 18. Qg4 Ne8 19. d5 $1 {[%cal
Gc1b2,Gb2g7] Sacrificing the d-pawn is part of White´s plan and allows to
activate his bishop.} Qxd5 20. Bb2 Qd2 ({To unclear situation leads} 20... f6
21. Rad1 Qc5+ 22. Bd4 Qc6 23. Rc1 Qd5 (23... Qd7 24. Rce1 Ng5 25. Be3 $44) 24.
Rcd1 Kh8 25. Bxb6 Qb3 26. Bd4) 21. Nxg7 $2 (21. Bxg7 $2 {would be met by} h5
22. Nh6+ (22. Qxh5 $2 Nxg7 23. Nxg7 Qd4+ 24. Kh1 Nf2+ $19) 22... Qxh6 23. Qxe4
Rxe4 24. Bxh6 Rc8 $17) ({but correct was} 21. Qf3 $1 {[%cal Gf5h6,Gf3f7]} f6
22. Nd4 $1 Re7 (22... Re5 {will cost Black an exchange after} 23. Rab1 {/\ Nb3}
) 23. Nf5 Re6 24. Nd4 {with repetition of moves.}) 21... N8f6 22. Qf3 (22. Bxf6
Nxf6 23. Rxf6 (23. Qf3 Qd4+ 24. Kh1 Kxg7 25. Qxa8 Ne4 $1 $17 {threatening Ng3+
or Nf2+}) 23... Rxf6 24. Nf5+ Rg6 25. Ne7+ Kg7 26. Nxg6 hxg6 $17) 22... Qxb2 (
22... Kxg7 23. Bxf6+ Nxf6 24. Qxa8 Qd4+ 25. Kh1 Ne4 $1 $17 {transposes to the
variation above.}) 23. Nxe6 fxe6 24. Rac1 $6 ({White should have tried} 24.
Rae1 Qd4+ 25. Kh1 Rf8 26. Qf4) 24... Rd8 25. Rc7 Rd5 26. Rc8+ Kg7 27. Rc7+ Kg6
28. Qe3 Rg5 29. Rxf6+ ({The desperation since} 29. g3 Qxh2+ 30. Kxh2 Ng4+ 31.
Kg1 Nxe3 32. Rf3 Nxg3 $1 {is completely hopeless for White.}) 29... Nxf6 30.
Qd3+ Kh6 31. Qh3+ Nh5 32. Qxe6+ Qf6 33. Qe3 Nf4 34. g3 Nd5 35. Qd2 Nxc7 36. h4
Ne6 0-1

[Event "USA-ch GpA"]
[Site "San Diego"]
[Date "2006.03.03"]
[Round "2"]
[White "Serper, Grigory"]
[Black "Onischuk, Alexander"]
[Result "0-1"]
[WhiteElo "2517"]
[BlackElo "2650"]
[Annotator "Gavrikov,V"]
[PlyCount "98"]
[EventDate "2006.03.02"]
[EventType "swiss"]
[EventRounds "9"]
[EventCountry "USA"]
[SourceTitle "CBM 112"]
[Source "ChessBase"]
[SourceDate "2006.06.07"]
[SourceVersion "1"]
[SourceVersionDate "2006.06.07"]
[SourceQuality "1"]

1. d4 Nf6 2. c4 e6 3. Nc3 Bb4 4. e3 O-O 5. Bd3 d5 6. Nge2 c5 ({In my opinion
preferable is} 6... dxc4 7. Bxc4 c5 8. O-O Nc6 9. a3 Bxc3 10. bxc3 e5 {with
comfortable play for Black.}) 7. cxd5 exd5 ({More popular is} 7... cxd4 8. exd4
Nxd5 9. O-O Nc6) 8. a3 Bxc3+ (8... cxd4 $142 9. axb4 (9. exd4 Be7 10. O-O Nc6
$11) 9... dxc3 10. Nxc3 Bg4 11. f3 Be6 $11 {1/2-1/2 Aleksandrov,A-Belikov,V/
Spasskoe 1996/EXT 99 (44)}) 9. bxc3 {Usually this position arises via move
order 4.e3 0-0 5.Bd3 d5 6.a3 Bxc3+ 7.bxc3 c5 8.cxd5 exd5 9.Ne2. The
possibility to realize e3-e4 gives White better prospects although some
accuracy is required.} b6 10. O-O Ba6 11. f3 (11. Bxa6 Nxa6 {only assists
Black to solve opening problems,e.g.} 12. Qd3 Nc7 13. f3 Re8 14. Ng3 Ne6 15.
Bb2 Qd7 16. Rad1 cxd4 $1 17. cxd4 Rad8 18. Rfe1 Qa4 $132 {1/2-1/2 Utnasunov,
A-Minasjan,S/Krasnodar 2001/EXT 2002 (37)}) 11... Re8 12. Ng3 Bxd3 13. Qxd3 Nc6
14. Ra2 $6 {White loses important time for the manoeuvre Ra2-e2.} ({Instead is
necessary to prepare as soon as possible the advance e3-e4 by} 14. Bb2 $1 Rc8
15. Rad1 $5 ({or} 15. Rae1) {which allows to seize the initiative after} 15...
cxd4 16. cxd4 Na5 17. e4) 14... Qd7 15. Re2 Re6 $6 {Not the best.} ({The
correct reaction is} 15... Rad8 16. Bb2 h5 $1 17. Rd1 h4 18. Nf5 c4 19. Qc2 Ne7
$1 20. Nxe7+ (20. Nxh4 $4 g5 $19) 20... Rxe7 21. e4 dxe4 22. fxe4 Rde8 23. Rde1
h3 $1 24. e5 Nd5 $15 {0-1 Milov,V-Campora,D/Andorra 2001/CBM 083 ext (49)}) 16.
Bb2 Rd8 17. Rd1 g6 18. Ree1 $6 ({Missing the suitable moment for} 18. e4 $1
dxe4 19. fxe4 h5 {and here deserves attention} 20. Qc2 $5 $36 {[%cal Gd4d5]} (
20. Ree1 $6 Qe7 {transposes to the game when bad is} 21. Qf3 $2 h4 22. Nf1 Nxe4
23. d5 Ng5 24. Qf2 Rxd5 $19 {0-1 Borg,G-Kunte,A/Istanbul 2000/EXT 2001 (40)}))
18... h5 19. e4 $6 {Now this is dubious because e4-pawn becomes vulnerable.}
dxe4 20. fxe4 Qe7 $1 {[%csl Re4][%cal Gh5h4]} 21. Qf1 {Other moves are worse.}
({About} 21. Qf3 $2 {-see comment above}) ({White could try to protect
indirectly his e4-pawn by} 21. Qb5 h4 22. Nf1 {but the ending after} Nxe4 $1 (
22... Rxe4 $6 23. Qxc6 Rxe1 24. Rxe1 Qxe1 25. Qxf6) 23. Rxe4 (23. d5 $2 Nd6)
23... Rxe4 24. Qxc6 Re2 25. Bc1 h3 $1 26. gxh3 Rc2 $1 {[%cal Gc2c1]} 27. Bd2
cxd4 28. Re1 Qc5 29. Qxc5 bxc5 30. Bg5 Rd6 31. cxd4 cxd4 {is in Black´s favour.
}) 21... Nxe4 22. Rxe4 Rxe4 23. Nxe4 Qxe4 24. Re1 Qf5 (24... Qc2 $5 25. Re2 Qb3
26. Qf6 $140 Qc4 $1 27. Re1 cxd4 28. cxd4 Qd5 $15) 25. Qxf5 gxf5 26. dxc5 bxc5
27. c4 Kh7 28. Bf6 (28. Bc3 $2 Rd3 29. Rc1 f4 30. Kf2 Kg6 31. Ke2 Re3+ 32. Kd2
Kf5 $19 {followed by Ne5 or Ke4.}) 28... Rd7 $2 {After this passive move White
has nothing to fear.} (28... Rd3 $1 29. Be7 Rxa3 30. Bxc5 Ra4 31. Rc1 a5 $17)
29. Re8 Kg6 30. Rc8 Rd6 31. Bc3 $6 (31. Bh4 $1 f4 32. Kf1 {planning Bf2 led
immediately to the draw.}) 31... f4 {Black king is aiming to e4.} 32. Kf2 f6 $1
(32... Kf5 $2 33. Bg7 $1 {[%cal Gg7f8]}) 33. h3 $6 (33. Ke2 $142 Kf5 $140 34.
Rh8) 33... Kf5 34. Ke2 $6 ({More accurate was} 34. Rh8 Ne5 35. Rxh5+ Ke4 36.
Rh7 Ra6 37. Rc7 $132) 34... Ke4 35. Rh8 $2 {A blunder which loses.} ({Instead} 
35. Rc7 $1 {would retain good saving chances.}) 35... Ne5 36. Rxh5 Rd3 $1 37.
Bd2 ({Or} 37. Bxe5 Re3+ 38. Kf2 fxe5 39. Rh7 Rxa3 40. h4 Ra2+ 41. Kg1 Kd3 $19)
37... Rg3 $1 38. Kf2 Rxa3 39. Rh4 Ra2 40. Ke1 Kd3 ({Also wins} 40... a5 41.
Rxf4+ $140 Kd3 $19) 41. Bxf4 Rxg2 42. Rh6 Ke4 43. Bxe5 fxe5 44. Ra6 Rh2 45.
Rxa7 (45. Ra3 Kd4 46. Kf1 Kxc4 47. Kg1 Kb4 48. Re3 Rd2 49. Rxe5 c4 $19) 45...
Rxh3 46. Rd7 Rc3 47. Kd2 Rxc4 48. Rc7 Kf3 49. Re7 Rd4+ 0-1

[Event "VAM Hoogeveen op"]
[Site "Hoogeveen"]
[Date "1998.10.23"]
[Round "8"]
[White "Golod, Vitali"]
[Black "Solomon, Stephen J"]
[Result "1-0"]
[WhiteElo "2555"]
[BlackElo "2435"]
[Annotator "Golod,V"]
[PlyCount "79"]
[EventDate "1998.09.??"]
[EventType "swiss"]
[EventRounds "9"]
[EventCountry "NED"]
[SourceTitle "EXT 1999"]
[Source "ChessBase"]
[SourceDate "1998.11.16"]
[SourceVersion "1"]
[SourceVersionDate "1998.11.16"]
[SourceQuality "1"]

1. d4 Nf6 2. c4 e6 3. Nc3 Bb4 4. f3 d5 5. a3 Bxc3+ 6. bxc3 c5 7. cxd5 exd5 ({
Nowadays more popular is} 7... Nxd5 $5) 8. e3 O-O 9. Bd3 Nc6 ({Another line is:
} 9... b6 $5 {[%cal Gc8a6]}) 10. Ne2 Re8 11. O-O Qd6 $5 ({Other alternatives
are:} 11... Bd7 $5) ({and} 11... b6 $5) 12. Ng3 $5 (12. Qe1 $5 {[%cal Ge1h4]}
Bd7 (12... Nd7 $143 13. Qh4 Nf8 14. a4 b6 15. Qf2 cxd4 16. cxd4 Nb4 17. Bb1 a5
18. e4 f6 19. Bf4 Qe7 20. Rc1 $14 {1-0 Landau,S-Conde,A/Bournemouth 1939/EXT
97 (76)}) 13. Qg3 Qxg3 14. Nxg3 cxd4 15. cxd4 a6 16. Bd2 Na7 17. Rfe1 Bb5 18.
Bxb5 Nxb5 $11 {1-0 Steinmacher,J-Sutterer,R/Mannheim 1990/GER 04 (35)}) 12...
Bd7 $146 (12... Re7 $5 13. Ra2 h5 14. Re2 h4 15. Nf5 Bxf5 16. Bxf5 Rae8 17.
Rfe1 g6 18. Bb1 Nh5 19. Bb2 Na5 20. Ba2 cxd4 21. cxd4 Qa6 22. Rc2 Nf4 23. e4 {
1/2-1/2 De Souza,M-Lebredo,G/Pouso Alegre 1997/EXP 60 (23)}) 13. Ra2 Rac8 14.
Kh1 $5 {[%csl Gd4,Ge3][%cal Ge3e4] White's plan is:Raf2,Bc2(Bb1)and e4!} a5 $6
({Better is:} 14... h6 $5) 15. Raf2 a4 16. Bc2 $5 $14 {[%cal Yf2c2,Ge3e4]} (16.
Bb5 $5 {[%csl Ra4]} Na5 17. Qxa4 Nc4 18. Bxd7 Nxd7 19. e4 $14) (16. e4 $2 cxd4
17. cxd4 Nxd4 18. Bb2 Nb3 $15) 16... b5 17. e4 $1 cxd4 ({Worse is:} 17... dxe4
{because of:} 18. Nxe4 {[%csl Rc5]} (18. fxe4 $2 cxd4 19. Rxf6 gxf6 20. Nh5 f5
$17) 18... Nxe4 19. fxe4 f6 (19... cxd4 20. cxd4 {-see the game after 20.fxe4})
20. Bf4 $16) 18. cxd4 dxe4 19. Nxe4 $1 (19. fxe4 $2 Bg4 $1 {[%csl Rd4]} 20.
Rxf6 Bxd1 (20... Qxg3 $2 21. Qd2 $18) 21. Rxd6 Bxc2 $11 {[%cal Gc6a5,Ga5c4]})
19... Nxe4 $8 ({Loses:} 19... Qxd4 $4 20. Nxf6+ Qxf6 (20... gxf6 21. Rd2 $18)
21. Qxd7 $18) (19... Qe6 $6 20. d5 Nxd5 $8 21. Ng5 $40) (19... Qe7 $2 20. Bg5
$16) 20. fxe4 Nxd4 $2 ({Possibly:} 20... f6 21. Bb2 $5 {/\Qd3,e5->} (21. e5 $2
fxe5 22. Bxh7+ Kxh7 23. Qh5+ Kg8 24. Qf7+ Kh8 25. Qh5+ (25. Rf6 $2 Qe7 $19)
25... Kg8 26. Qf7+ $11)) 21. Bb2 $1 ({Badly:} 21. Rd2 {in view of:} Bg4 $1 $17
(21... Rxc2 $2 22. Qxc2 $16)) 21... Rxc2 $1 {Is the only move.} ({Right away
loses:} 21... Rc4 $2 {in view of:} 22. Bd3 Rc6 $140 23. Bb1 $18 {[%cal Gf2d2]})
22. Rxc2 Rxe4 {with the idea Rh4(קh2;Kh1)} 23. Rd2 ({Good enough:} 23. h3 $5 {
[%cal Gc2d2]}) 23... Rh4 $8 (23... Bg4 $2 24. Rxd4 $18) 24. h3 $1 (24. g3 $4
Qxg3 $19 {[%cal Gd7c6]}) 24... Bxh3 (24... Qg3 $5 {An interesting idea which
was mentioned by Gofshtein,L after the game.} 25. Rff2 $1 (25. Rxd4 Rxh3+ 26.
Kg1 (26. gxh3 Bc6+ 27. Rd5 Qxh3+ 28. Kg1 Qg3+ $11) 26... Qh2+ 27. Kf2 Qg3+ 28.
Kg1 (28. Ke2 $4 Qe3#) 28... Qh2+ $11) (25. Bxd4 $2 Rxh3+ 26. Kg1 (26. gxh3 $4
Bc6+ 27. Rf3 Bxf3+ 28. Qxf3 Qxf3+ $19) 26... Qh2+ 27. Kf2 Qg3+ 28. Kg1 (28. Ke2
$4 Bg4+ 29. Rf3 Qxg2+ $19)) 25... Rxh3+ (25... Bc6 26. Kg1 Ne6 27. Rd8+ Nf8 28.
Rxf8+ $1 Kxf8 29. Qd8+ Be8 30. Re2 $18) 26. gxh3 Bc6+ 27. Rg2 Qxh3+ 28. Kg1 $18
) 25. Kg1 $1 {[%mdl 256] a very strong move.} ({Loses:} 25. gxh3 $4 {because
of:} Rxh3+ 26. Kg1 $8 Qg3+ 27. Rg2 Qe3+ 28. Rff2 (28. Rgf2 Nf3+ 29. Qxf3 (29.
Kg2 Nh4+ 30. Kg1 Qg3+ 31. Rg2 Qxg2#) 29... Rxf3 $19) 28... Nf3+ 29. Qxf3 (29.
Kf1 $2 Rh1+ 30. Rg1 Rxg1#) 29... Rxf3 $19) (25. Rxd4 $2 Bxg2+ $1 (25... Bg4+ $2
26. Kg1 Qh2+ 27. Kf2 $18) 26. Kxg2 Rh2+ (26... Qh2+ $2 27. Kf3 Rh3+ 28. Ke4 f5+
29. Rxf5 $18) 27. Kf3 $8 (27. Kg1 $4 Qg3#) 27... Rh3+ 28. Kg4 (28. Ke2 $6 Qh2+
29. Rf2 Qe5+ 30. Kd2 (30. Kf1 $2 Rh1+ 31. Kg2 Qh2+ 32. Kf3 Qh5+ $1 $19) 30...
Qe3+ 31. Kc2 Qxf2+ 32. Kb1 {=/+/=}) (28. Ke4 $4 Qe6+ 29. Kf4 Qe3+ 30. Kf5 (30.
Kg4 Rg3+ 31. Kh4 (31. Kf5 Rg5#) 31... Qg5#) 30... g6+ 31. Kf6 (31. Kg4 h5#)
31... Qe6+ 32. Kg5 h6+ 33. Kf4 g5#) 28... Qg3+ 29. Kf5 Qg6+ 30. Kf4 (30. Ke5 $4
Qe6+ (30... Re3+ $2 31. Kd5 $18) 31. Kf4 Qe3+ 32. Kf5 (32. Kg4 Rg3+ 33. Kh4
Qg5#) 32... g6+ 33. Kf6 Qe6+ 34. Kg5 h6+ 35. Kf4 g5#) 30... Qg3+ (30... Qh6+ $5
) 31. Ke4 Qg6+ 32. Kd5 Rh5+ 33. Qxh5 Qxh5+ 34. Kc6 $13) 25... Qg3 26. Bxd4 Be6
$2 ({Better is:} 26... Bg4 $5 27. Qc2 $1 (27. Be5 $6 Rh1+ $1 (27... Qe3+ 28.
Rff2 $18 {[%csl Rg8][%cal Gd2d8]}) 28. Kxh1 Qh4+ 29. Kg1 Bxd1 30. Rfxd1 $16)
27... Qh2+ 28. Kf2 Qf4+ 29. Ke1 Qg3+ 30. Rdf2 $18) 27. Be5 $1 $18 {[%csl Rg8]
[%cal Gd2d8] The rest is the matter of technics.} Qe3+ 28. Rdf2 {[%csl Rg8,Rh4]
[%cal Gd1d8]} Qb6 (28... Qg5 29. Qd6 $18) 29. Qd6 Qxd6 30. Bxd6 h5 $2 (30...
Rd4 $142) 31. Rf4 Rxf4 (31... Bg4 32. Rb4 {[%csl Rh4][%cal Gd6g3]}) 32. Bxf4 f6
33. Rc1 Bc4 34. Rd1 g5 35. Bc1 Kf7 36. Rd6 Ke7 37. Rb6 g4 38. g3 $1 f5 39. Bf4
Kd7 40. Kf2 1-0

[Event "Belfort Masters 6th"]
[Site "Belfort"]
[Date "2003.12.16"]
[Round "2"]
[White "Gurevich, Mikhail"]
[Black "Le Roux, Jean Pierre"]
[Result "1-0"]
[WhiteElo "2656"]
[BlackElo "2480"]
[Annotator "Gurevich,M"]
[PlyCount "81"]
[EventDate "2003.12.15"]
[EventType "tourn"]
[EventRounds "10"]
[EventCountry "FRA"]
[EventCategory "15"]
[SourceTitle "CBM 099"]
[Source "ChessBase"]
[SourceDate "2004.03.30"]
[SourceVersion "1"]
[SourceVersionDate "2004.03.30"]
[SourceQuality "1"]

1. d4 Nf6 2. c4 e6 3. Nc3 Bb4 4. e3 c5 5. a3 Bxc3+ 6. bxc3 O-O 7. Bd3 d5 8.
cxd5 exd5 9. Ne2 b6 10. O-O Ba6 11. f3 Re8 12. Ng3 Bxd3 13. Qxd3 Nc6 14. Bb2
Rc8 15. Rad1 (15. Rae1 Re6 16. e4 cxd4 17. cxd4 dxe4 18. fxe4 Ne5 19. Qd1 Nc4
20. Ba1 b5 21. d5 Ra6 22. Nf5 Ne8 23. e5 $36 {1-0 Moskalenko,V-Barrios,F/
Barcelona 2002/CBM 90 ext (28)}) 15... Na5 16. e4 cxd4 17. cxd4 Qc7 $5 {
TN [/\18...Qc2;18...Qc4]} 18. Rc1 (18. e5 $5 Qc2 (18... Nd7 19. Rc1 Nc4 20. f4
$36) 19. exf6 Qxb2 20. Rfe1 $36) 18... Nc4 19. Bc3 Qf4 $5 (19... Nxa3 20. e5
Nd7 21. Nf5 Nc4 (21... Qc4 22. Qd2 $16) 22. Bb4 Qd8 23. f4 a5 24. Qg3 g6 25.
Nh6+ $36) 20. Rce1 b5 21. Re2 Re6 (21... Nxa3 $2 22. Bd2 $18) (21... a5 $5 22.
e5 Nd7 23. Rb1 Rb8 24. Bd2 $14) 22. Be1 $5 {[/\23.Nf5,24.Bg3|^]} g6 (22... Ra6
23. Bb4 g6 24. Nh1 $5) 23. Nh1 $5 Rce8 24. Nf2 Qc7 $6 (24... Ra6 $5 25. Bb4 Ra4
{(/\26...a5<=><<)}) 25. e5 Nd7 26. f4 f5 27. g4 $1 $40 Rf8 28. gxf5 (28. Bb4 $5
Rf7 29. gxf5 Rxf5 30. Ng4 $36) 28... Rxf5 (28... gxf5 29. Nh1 (29. Kh1) 29...
Rg6+ 30. Ng3 Qc6 31. Kh1 Qe6 32. Rg2 $40) 29. Nh1 $5 Nf8 30. Ng3 Rf7 31. Bb4
Re8 $6 $138 (31... a5 32. Bxf8 Kxf8 33. f5 gxf5 34. Nxf5 $40) 32. f5 gxf5 33.
Nxf5 Kh8 34. Bxf8 Rfxf8 (34... Rexf8 35. e6 Rf6 36. e7 Re8 37. Rg2 $18) 35. Kh1
$18 {[/\36.Rg1,37.Reg2]} Rg8 36. Nh6 Rg7 37. Ref2 Qc8 38. Rf6 Nb6 39. Nf7+ (39.
Qf3) 39... Kg8 40. e6 (40. Nd6 Qg4) 40... Nc4 (40... Rxe6 41. Nh6+ Kh8 42. Rf8+
) 41. e7 (41. e7 Rxe7 42. Nh6+ Kh8 43. Rf8+) 1-0

[Event "Linares Anibal op 04th"]
[Site "Linares"]
[Date "1997.??.??"]
[Round "7"]
[White "Ibragimov, Ildar"]
[Black "Rausis, Igors"]
[Result "1-0"]
[WhiteElo "2555"]
[BlackElo "2470"]
[Annotator "Knaak,R"]
[PlyCount "95"]
[EventDate "1997.02.??"]
[EventType "swiss"]
[EventRounds "10"]
[EventCountry "ESP"]
[SourceTitle "CBM 058"]
[Source "ChessBase"]
[SourceDate "1997.06.01"]
[SourceVersion "1"]
[SourceVersionDate "1997.06.01"]
[SourceQuality "1"]

1. d4 Nf6 2. c4 e6 3. Nc3 Bb4 4. e3 O-O 5. Bd3 d5 6. a3 Bxc3+ 7. bxc3 c6 {
Der Übergang zu halbslawischen Strukturen kam bisher in der Praxis wenig vor,
und wenn, dann fanden die Weißen keinen richtigen Plan. Ibragimov zeigt uns
einen überzeugenden Aufbau.} 8. Ne2 $1 (8. Nf3 b6 9. O-O Ba6 10. Ne5 Nfd7 11.
f4 f5 12. Qe2 {1/2-1/2 Levitt,J-Bischoff,K/Goodricke 1997/EXP 56}) (8. a4 b6 9.
Ba3 Re8 10. Nf3 Ba6 11. Ne5 Qc8 12. O-O Nbd7 13. f4 c5 14. Rc1 Qb7 {><e4 
(Rozentalis)} 15. Rf3 Rad8 16. Rh3 Nf8 $1 $15 {0-1 Milov,V-Rozentalis,E/
Liechtenstein op 1996 (40)}) 8... b6 9. cxd5 cxd5 10. O-O (10. a4 Ba6 11. Ba3
Bxd3 12. Qxd3 Re8 13. O-O Nc6 14. c4 Na5 15. cxd5 exd5 16. f3 Nc4 17. Bc1 Rc8 {
1/2-1/2 Ibragimov,I-Bischoff,K/Linares op 1996/EXP 51}) 10... Ba6 11. f3 $1 $14
Bxd3 12. Qxd3 Qc8 $1 13. e4 Qa6 14. Qe3 Nc6 15. e5 {Das ist nicht unbedingt
notwendig.} Nd7 16. Ng3 (16. f4 $6 f5 17. exf6 Rxf6 {>< Bc1}) 16... Rae8 17. a4
f6 18. Ba3 Rf7 19. exf6 Rxf6 20. Nh5 Rf7 21. Nf4 Qc4 $13 22. Rfe1 Na5 23. Bb4
Nb3 24. Rab1 Nbc5 25. a5 bxa5 26. Bxc5 Nxc5 27. Nxd5 Na4 28. Ra1 Rd7 29. Nf4
Nxc3 30. Rac1 Rc7 31. d5 Qc5 32. Qxc5 Rxc5 33. d6 e5 34. d7 Rd8 35. Ne6 Ne2+
36. Kf1 Nxc1 37. Nxc5 Na2 38. Rd1 Kf7 39. Nb7 Ke7 40. Nxd8 Kxd8 41. Ra1 Nb4 42.
Rxa5 Nc6 43. Rd5 a5 44. Rd6 Nb4 45. Ke2 a4 46. Kd2 a3 47. Kc3 a2 48. Kb2 1-0